000
00315nam a22001457a 4500
008
221205b ||||| |||| 00| 0 eng d
020
_a
1930416482
041
_a
eng
080
_a
72
082
_a
72ROSE
100
_a
19.1
101
_a
ARKI
245
_a
ABSTRACT EXPRESSIONISM
_c
ROSENFELD M
942
_2
udc
_c
BK
999
_c
59089
_d
59089